Exploring solid-state amplifiers / (Record no. 178688)
[ view plain ]
| 000 -LEADER | |
|---|---|
| fixed length control field | 01137 a2200193 4500 |
| 003 - CONTROL NUMBER IDENTIFIER | |
| control field | Nust |
| 005 - DATE AND TIME OF LATEST TRANSACTION | |
| control field | 20221205121637.0 |
| 010 ## - LIBRARY OF CONGRESS CONTROL NUMBER | |
| LC control number | 99062439 |
| 020 ## - INTERNATIONAL STANDARD BOOK NUMBER | |
| International Standard Book Number | 0790611929 |
| 040 ## - CATALOGING SOURCE | |
| Transcribing agency | Nust |
| 082 00 - DEWEY DECIMAL CLASSIFICATION NUMBER | |
| Classification number | 621.381535,CAR |
| 100 1# - MAIN ENTRY--PERSONAL NAME | |
| Personal name | Carr, Joseph J. |
| 9 (RLIN) | 26343 |
| 245 10 - TITLE STATEMENT | |
| Title | Exploring solid-state amplifiers / |
| Statement of responsibility, etc. | Joseph J. Carr |
| 260 ## - PUBLICATION, DISTRIBUTION, ETC. | |
| Place of publication, distribution, etc. | Indianapolis, IN : |
| Name of publisher, distributor, etc. | Prompt Publications, |
| Date of publication, distribution, etc. | c1999. |
| 300 ## - PHYSICAL DESCRIPTION | |
| Extent | 218 p. : |
| Other physical details | ill. ; |
| Dimensions | 24 cm. |
| 505 ## - FORMATTED CONTENTS NOTE | |
| Formatted contents note | Signals, Noise and Amplifiers (Page-1), Introduction to Amplifier Classification (Page-9), NPN/PNP Bipolar Junction Transistors (Page-25), Bipolar Transistor Amplifiers (Page-41), Field-Effect Transistor Amplifiers (Page-53), Operational Amplifiers (Page-65), Audio Amplifiers (Page-93), IC Audio Power Amplifiers (Page-125), Amplifiers used in Analog Instrumentation (Page-131), Small-Signal RF Amplifiers (Page-141), Solid-State Parametric Amplifiers (Page-161), Monolithic Microwave Integrated Circuits (Page-169), Troubleshooting Solid-State Amplifier Circuits (Page-187), Selecting Solid-State Replacement Parts (Page-199). |
| 650 #0 - SUBJECT ADDED ENTRY--TOPICAL TERM | |
| Topical term or geographic name entry element | Transistor amplifiers. |
| 9 (RLIN) | 96678 |
| 942 ## - ADDED ENTRY ELEMENTS (KOHA) | |
| Source of classification or shelving scheme | |
| Koha item type | Book |
| Withdrawn status | Lost status | Source of classification or shelving scheme | Damaged status | Not for loan | Permanent Location | Current Location | Shelving location | Date acquired | Full call number | Barcode | Date last seen | Price effective from | Koha item type | Public note |
|---|---|---|---|---|---|---|---|---|---|---|---|---|---|---|
| Military College of Signals (MCS) | Military College of Signals (MCS) | General Stacks | 12/12/2016 | 621.381535,CAR | MCS31830 | 12/08/2016 | 12/12/2016 | Book | Almirah No.34, Shelf No.4 |
